[Event "SR 3. liga A2 2012/2013"]
[Site "?"]
[Date "2013.02.24"]
[Round "9.2"]
[White "Slaby, Jozef"]
[Black "Babirat, Michal"]
[Result "1-0"]
[WhiteElo "1890"]
[BlackElo "1760"]
[PlyCount "105"]
[EventDate "2012.??.??"]

1. d4 Nf6 2. c4 e6 3. Nf3 b6 4. Nc3 Bb7 5. e3 d5 6. cxd5 Nxd5 7. Bd3 Be7 8. O-O
O-O 9. Bd2 Nd7 10. e4 Nxc3 11. Bxc3 c5 12. Qe2 cxd4 13. Nxd4 Nc5 14. Rfd1 Nxd3
15. Qxd3 Bc5 16. Qg3 Qd6 17. Qg4 e5 18. Nb3 Qg6 19. Qxg6 hxg6 20. Nxc5 bxc5 21.
f3 f6 22. Rac1 Rfd8 23. Kf2 Kf7 24. Ba5 Rxd1 25. Rxd1 Ke7 26. Ke3 Rc8 27. Rd2
Ba6 28. a3 Bc4 29. g3 Bb3 30. f4 exf4+ 31. gxf4 Bc4 32. e5 fxe5 33. fxe5 Rh8
34. Bc7 Rh5 35. Kf4 Bb5 36. Bd6+ Ke6 37. Bxc5 Rf5+ 38. Kg4 Rxe5 39. Bxa7 Re2
40. Rxe2+ Bxe2+ 41. Kg5 Bd3 42. Bd4 Kd5 43. Bxg7 Kc4 44. Kf4 Kb3 45. Bc3 Bf5
46. Ke5 Ka4 47. h4 Kb3 48. h5 Bd3 49. h6 g5 50. Kf6 g4 51. Kg7 g3 52. h7 g2 53.
Bd4 1-0

[Event "SR 3. liga A2 2012/2013"]
[Site "?"]
[Date "2013.02.24"]
[Round "9.2"]
[White "Benkovsky, Peter"]
[Black "Curidlo, Jan"]
[Result "1-0"]
[WhiteElo "1678"]
[BlackElo "1880"]
[PlyCount "117"]
[EventDate "2012.??.??"]

1. d4 Nf6 2. c4 e6 3. Nc3 c6 4. Nf3 Be7 5. e4 d6 6. Bd3 O-O 7. O-O h6 8. Re1 d5
9. e5 Nfd7 10. c5 a5 11. Na4 b6 12. cxb6 Nxb6 13. Bd2 f5 14. Rc1 Bd7 15. Nc5
Bc8 16. a3 Bxc5 17. dxc5 N6d7 18. b4 axb4 19. axb4 Qc7 20. Qe2 Ba6 21. Bc3 Re8
22. Ra1 Bxd3 23. Qxd3 Rxa1 24. Rxa1 Nf8 25. g3 Nfd7 26. Qe2 g6 27. h4 Kh7 28.
Kg2 Rg8 29. Nd2 Rg7 30. f4 Nf8 31. Nf3 Qb7 32. Nd4 Kg8 33. b5 cxb5 34. Qxb5
Qxb5 35. Nxb5 Rb7 36. Na7 Rc7 37. Bd4 Nc6 38. Nxc6 Rxc6 39. Ra7 h5 40. Kf2 Rc8
41. Ke2 Rd8 42. c6 Rc8 43. Ra6 Kf7 44. Bc5 Ke8 45. Bd6 Nd7 46. cxd7+ Kxd7 47.
Ra7+ Kc6 48. Re7 d4 49. Rxe6 Kd5 50. Rxg6 Rc2+ 51. Kd3 Rc3+ 52. Kd2 Ke4 53. Bb4
Rb3 54. Ba5 Ra3 55. Bb6 Ra2+ 56. Kc1 d3 57. Rd6 Rc2+ 58. Kd1 Rb2 59. Rd4+ 1-0

[Event "SR 3. liga A2 2012/2013"]
[Site "?"]
[Date "2013.02.24"]
[Round "9.2"]
[White "Sedlak, Rastislav"]
[Black "Dzurjaninova, Hana"]
[Result "1-0"]
[WhiteElo "1592"]
[BlackElo "1592"]
[PlyCount "111"]
[EventDate "2012.??.??"]

1. e4 e6 2. d4 d5 3. exd5 exd5 4. c4 Nf6 5. Nc3 c6 6. Bg5 Be7 7. Nf3 Bg4 8. Be2
Nbd7 9. O-O O-O 10. Qb3 Qb6 11. Qxb6 Nxb6 12. cxd5 Nbxd5 13. h3 Bh5 14. Rfe1
Bb4 15. Bxf6 Nxf6 16. Ne5 Rad8 17. Bxh5 Nxh5 18. a3 Ba5 19. Nc4 Bc7 20. Re7 Bb8
21. Rxb7 Rxd4 22. Na5 Rd6 23. Re1 Nf4 24. Re4 Rg6 25. g3 Nxh3+ 26. Kg2 Ng5 27.
Rc4 c5 28. Rxc5 Bd6 29. Rd5 f5 30. Nc4 Bb8 31. Rdb5 a6 32. R5b6 Rxb6 33. Rxb6
Rc8 34. b3 f4 35. gxf4 Bxf4 36. Rxa6 Rb8 37. Rb6 Rxb6 38. Nxb6 Be5 39. Nbd5 Ne6
40. b4 Nd4 41. a4 Nc6 42. b5 Na5 43. Kf3 Kf7 44. Ke4 Ke6 45. f4 Bxc3 46. Nxc3
g6 47. Nd5 h6 48. Nc7+ Kd6 49. Nd5 Ke6 50. Kd4 Kd6 51. Ne3 h5 52. Ng2 Nb3+ 53.
Kc4 Nc5 54. a5 Nd7 55. Nh4 Kc7 56. Nxg6 1-0

[Event "SR 3. liga A2 2012/2013"]
[Site "?"]
[Date "2013.02.24"]
[Round "9.2"]
[White "Drahos, Miroslav"]
[Black "Divinec, Peter"]
[Result "0-1"]
[WhiteElo "1652"]
[BlackElo "1234"]
[PlyCount "134"]
[EventDate "2012.??.??"]

1. e4 e5 2. Nf3 Nc6 3. Bb5 a6 4. Ba4 Nf6 5. O-O Be7 6. Re1 O-O 7. Bxc6 dxc6 8.
h3 Bd6 9. Nc3 b6 10. d3 h6 11. Be3 c5 12. Qd2 Bb7 13. Bxh6 gxh6 14. Qxh6 Nh7
15. Nh4 Qg5 16. Qxg5+ Nxg5 17. Re3 f6 18. Nf5 Kf7 19. h4 Ne6 20. Rg3 Rh8 21.
Re1 Rag8 22. Ree3 Ng7 23. Rxg7+ Rxg7 24. Nxg7 Kxg7 25. g3 b5 26. Re1 c6 27. Nd1
Bc8 28. Ne3 Be6 29. Kg2 c4 30. dxc4 bxc4 31. Rd1 Rd8 32. g4 Be7 33. Rxd8 Bxd8
34. f3 a5 35. c3 Be7 36. h5 Bf8 37. Kf1 Kh7 38. Ke2 Bh6 39. Kf2 Bf4 40. Ke2 Kh6
41. Kf2 Kg5 42. Ke2 Kh4 43. Nd1 a4 44. a3 Bxg4 45. fxg4 Kxg4 46. Kf2 Bc1 47.
Kg2 Kxh5 48. Kf3 Kh4 49. Ke2 Kg4 50. Ne3+ Kf4 51. Nxc4 Kxe4 52. Kd1 Be3 53. Ke2
Bc5 54. Nd2+ Kf5 55. Kf3 Ke6 56. Nc4 Bd6 57. Nd2 f5 58. Nc4 Bc5 59. Nd2 Kd5 60.
Ke2 e4 61. Nf1 f4 62. Nd2 Be3 63. c4+ Kd4 64. Nb1 Bc1 65. Nc3 Bxb2 66. Nxa4
Bxa3 67. c5 Bxc5 0-1

[Event "SR 3. liga A2 2012/2013"]
[Site "?"]
[Date "2013.02.24"]
[Round "9.3"]
[White "Sekera, Branislav"]
[Black "Liptak, Tomas"]
[Result "1/2-1/2"]
[WhiteElo "2153"]
[BlackElo "2082"]
[PlyCount "114"]
[EventDate "2012.??.??"]

1. f4 d5 2. e3 c5 3. b3 Nc6 4. Bb5 Bd7 5. Nf3 Nf6 6. Bb2 e6 7. O-O a6 8. Bxc6
Bxc6 9. Ne5 Rc8 10. d3 Be7 11. Nd2 O-O 12. Ndf3 Nd7 13. Nxc6 Rxc6 14. e4 Qb8
15. g3 b5 16. Qe2 dxe4 17. dxe4 Rd8 18. c4 Qb7 19. Rad1 Rd6 20. Rxd6 Bxd6 21.
Ng5 h6 22. Nf3 Be7 23. Rd1 Nb8 24. Rxd8+ Bxd8 25. Qd3 Qd7 26. Ne5 Qxd3 27. Nxd3
Be7 28. Ba3 Nd7 29. Kf2 b4 30. Bb2 f5 31. Kf3 Kf7 32. Bc1 h5 33. Be3 g6 34. h3
Kf6 35. g4 hxg4+ 36. hxg4 Kf7 37. Bf2 Kg7 38. Ne1 Nf6 39. exf5 exf5 40. gxf5
gxf5 41. Nc2 Ne4 42. Ne3 Kg6 43. Nd5 Bd6 44. Be1 Kf7 45. Bh4 Ke6 46. Ke3 Kd7
47. Kd3 Bf8 48. Bf6 Bd6 49. Bg7 Nf2+ 50. Kc2 Nh3 51. Ba1 Nf2 52. a3 a5 53. Kd2
Ne4+ 54. Ke3 Bb8 55. Kd3 Nf2+ 56. Kc2 Ne4 57. axb4 axb4 1/2-1/2

[Event "SR 3. liga A2 2012/2013"]
[Site "?"]
[Date "2013.02.24"]
[Round "9.3"]
[White "Liptak, Dusan"]
[Black "Kavon, Rastislav"]
[Result "1-0"]
[WhiteElo "2060"]
[BlackElo "1943"]
[PlyCount "77"]
[EventDate "2012.??.??"]

1. Nf3 Nf6 2. c4 g6 3. Nc3 Bg7 4. d4 O-O 5. e4 d6 6. Be2 e5 7. O-O Nc6 8. d5
Ne7 9. Nd2 c6 10. b4 cxd5 11. cxd5 Ne8 12. b5 f5 13. Qb3 b6 14. a4 f4 15. a5
Rb8 16. axb6 axb6 17. Ra7 g5 18. f3 Rf7 19. Ba3 Bd7 20. Na2 Nc8 21. Ra4 Nf6 22.
Nb4 Qe8 23. Nc6 Rb7 24. Ra8 Bf8 25. Nc4 Rg7 26. Bxd6 g4 27. fxg4 Nxe4 28. Bxe5
Bc5+ 29. Kh1 Bxg4 30. Bxg4 Rxg4 31. Bd4 Bxd4 32. Nxd4 Rbg7 33. Ne6 Ra7 34. Rxa7
Nxa7 35. Qf3 Nf6 36. Ne5 Rh4 37. g3 Rh5 38. Qxf4 Qxb5 39. Qg4+ 1-0

[Event "SR 3. liga A2 2012/2013"]
[Site "?"]
[Date "2013.02.24"]
[Round "9.3"]
[White "Jablonicky, Martin"]
[Black "Sarmir, Milos"]
[Result "1/2-1/2"]
[WhiteElo "1827"]
[BlackElo "2067"]
[PlyCount "79"]
[EventDate "2012.??.??"]

1. e4 c6 2. d4 d5 3. Nc3 dxe4 4. Nxe4 Nd7 5. Nf3 Ngf6 6. Nxf6+ Nxf6 7. Be2 e6
8. O-O Be7 9. Bg5 O-O 10. c4 b6 11. Ne5 Bb7 12. Bf3 Qc7 13. Qa4 Rac8 14. Rac1
Rfd8 15. Rfd1 a6 16. Bf4 Bd6 17. Bg3 c5 18. dxc5 Bxe5 19. cxb6 Qxb6 20. Bxe5
Bxf3 21. gxf3 Ne8 22. b4 f6 23. Bb2 Qb7 24. Qb3 Nd6 25. c5 Nf7 26. Rxd8+ Rxd8
27. c6 Qc8 28. a4 Rd5 29. b5 axb5 30. axb5 Nd6 31. b6 Rb5 32. b7 Rxb3 33.
bxc8=Q+ Nxc8 34. Rd1 Ne7 35. c7 Rxb2 36. Rd7 Nc8 37. Rd8+ Kf7 38. Rxc8 Rc2 39.
Kg2 Kg6 40. Kg3 1/2-1/2

[Event "SR 3. liga A2 2012/2013"]
[Site "?"]
[Date "2013.02.24"]
[Round "9.3"]
[White "Markuliak, Mario"]
[Black "Lopatievov, Alexander"]
[Result "1/2-1/2"]
[WhiteElo "1808"]
[BlackElo "1937"]
[PlyCount "96"]
[EventDate "2012.??.??"]

1. c4 c6 2. Nf3 Nf6 3. Nc3 d5 4. cxd5 cxd5 5. d4 Nc6 6. e3 a6 7. Bd3 b5 8. O-O
Bg4 9. Bd2 e6 10. Rc1 Qb6 11. Be2 Be7 12. Qb3 Na5 13. Qd1 O-O 14. h3 Bh5 15.
Ne5 Bxe2 16. Qxe2 Nc4 17. Nd3 Ne4 18. Be1 Nxc3 19. Bxc3 b4 20. b3 Na5 21. Bb2
Rfc8 22. Rc2 Nb7 23. Rfc1 Nd6 24. Nc5 Rc7 25. Re1 Nb5 26. Na4 Qb7 27. Rxc7 Qxc7
28. Rc1 Qb7 29. Qc2 Nd6 30. Qc7 Rc8 31. Qa5 Rxc1+ 32. Bxc1 Qc6 33. Nc5 Ne4 34.
Qxb4 Nxc5 35. Qb8+ Bf8 36. dxc5 Qxc5 37. Bb2 Qb4 38. Qc8 Qa5 39. Bd4 Qa3 40.
Kh2 h6 41. Qc2 f6 42. Bc3 Qc5 43. Qd2 Kf7 44. a4 Bd6+ 45. Kg1 e5 46. Qd3 Ke6
47. Kf1 Qa3 48. Qxa6 Qxb3 1/2-1/2

[Event "SR 3. liga A2 2012/2013"]
[Site "?"]
[Date "2013.02.24"]
[Round "9.3"]
[White "Mackovic, Miroslav"]
[Black "Vlkovic, Pavol"]
[Result "1/2-1/2"]
[WhiteElo "1919"]
[BlackElo "1801"]
[PlyCount "119"]
[EventDate "2012.??.??"]

1. e4 Nf6 2. e5 Nd5 3. d4 d6 4. Nf3 dxe5 5. dxe5 c6 6. c4 Nb6 7. Qxd8+ Kxd8 8.
Bf4 Bf5 9. Nbd2 e6 10. Be2 h6 11. Nd4 Bg6 12. O-O N8d7 13. Bf3 Bd3 14. Rfc1 Bb4
15. N2b3 Rc8 16. a3 Bc5 17. Nxc5 Nxc5 18. b3 Ke7 19. Rc3 Bg6 20. Be2 Rhd8 21.
Rd1 Rd7 22. Be3 Ne4 23. Rcc1 Rcd8 24. f3 Ng5 25. h4 Nh7 26. g4 Nf8 27. b4 Na4
28. c5 Rc7 29. Rd2 Rdc8 30. Bd1 b5 31. Ne2 Rd7 32. Rxd7+ Nxd7 33. Bf4 Nb2 34.
Bc2 Bxc2 35. Rxc2 Nd3 36. Bh2 N3xe5 37. Kg2 Nc4 38. Ra2 e5 39. Nc3 a5 40. f4 f6
41. f5 Ra8 42. Bg3 axb4 43. axb4 Rxa2+ 44. Nxa2 e4 45. Bf4 Nde5 46. Bxe5 fxe5
47. Kf2 e3+ 48. Ke2 Kf7 49. Nc3 g6 50. fxg6+ Kxg6 51. Nd1 e4 52. Nxe3 Ne5 53.
Kd1 Nd3 54. Nc2 Nf2+ 55. Ke2 Nxg4 56. Nd4 Ne5 57. Ke3 h5 58. Kxe4 Kf6 59. Ke3
Nc4+ 60. Kf4 1/2-1/2

[Event "SR 3. liga A2 2012/2013"]
[Site "?"]
[Date "2013.02.24"]
[Round "9.3"]
[White "Hornak, Pavol"]
[Black "Slobodnik, Michal"]
[Result "0-1"]
[WhiteElo "1753"]
[BlackElo "1785"]
[PlyCount "66"]
[EventDate "2012.??.??"]

1. d4 Nf6 2. c4 g6 3. Nc3 Bg7 4. e4 d6 5. h3 O-O 6. Bg5 Nbd7 7. Nf3 c5 8. d5 b5
9. Qc2 bxc4 10. Bxc4 Nb6 11. Bd3 Nfd7 12. O-O Ne5 13. Nxe5 Bxe5 14. Bh6 Re8 15.
Bb5 Bd7 16. Bxd7 Nxd7 17. Ne2 Qb6 18. Rab1 a5 19. b3 Nb8 20. Kh1 Na6 21. f4 Bh8
22. f5 Nc7 23. Rf3 Bg7 24. Bxg7 Kxg7 25. fxg6 hxg6 26. Rbf1 Rf8 27. Qc3+ f6 28.
Rg3 Rh8 29. Qf3 Qb4 30. Qf5 Rag8 31. Qd7 Qxe4 32. Qxc7 Qxe2 33. Rxf6 Kxf6 0-1

[Event "SR 3. liga A2 2012/2013"]
[Site "?"]
[Date "2013.02.24"]
[Round "9.3"]
[White "Bango, Lukas"]
[Black "Cisar, Marian"]
[Result "1-0"]
[WhiteElo "1722"]
[BlackElo "1670"]
[PlyCount "56"]
[EventDate "2012.??.??"]

1. d4 d5 2. Nf3 e6 3. c4 Nf6 4. Nc3 g6 5. Bg5 Bg7 6. e4 dxe4 7. Nxe4 O-O 8. Be2
b6 9. Ne5 Bb7 10. Bf3 c6 11. c5 h6 12. Nxf6+ Bxf6 13. Bxh6 Bg7 14. Bxg7 Kxg7
15. h4 bxc5 16. dxc5 Qa5+ 17. Qd2 Qxc5 18. Ng4 Rh8 19. Rc1 Qe7 20. b4 Ba6 21.
Qb2+ f6 22. a4 Bb7 23. b5 Rc8 24. h5 e5 25. hxg6 Kxg6 26. Be4+ f5 27. Nxe5+ Kg5
28. f4+ Kxf4 1-0

[Event "SR 3. liga A2 2012/2013"]
[Site "?"]
[Date "2013.02.24"]
[Round "9.4"]
[White "Horak, Ivan"]
[Black "Sebesta, Radovan"]
[Result "1/2-1/2"]
[WhiteElo "2094"]
[BlackElo "2061"]
[PlyCount "70"]
[EventDate "2012.??.??"]

1. e4 c5 2. Nf3 Nc6 3. d4 cxd4 4. Nxd4 g6 5. Be3 Bg7 6. c4 Nf6 7. Nc3 Ng4 8.
Qxg4 Nxd4 9. Qd1 Nc6 10. Be2 Bxc3+ 11. bxc3 d6 12. O-O b6 13. h4 h5 14. f4 Bb7
15. f5 Ne5 16. Qd4 gxf5 17. Rxf5 Qc7 18. Rxh5 Rxh5 19. Bxh5 Qxc4 20. Bf4 Qxd4+
21. cxd4 Ng6 22. Bxg6 fxg6 23. e5 Kd7 24. Kf2 Rc8 25. Rc1 Rxc1 26. Bxc1 Ke6 27.
exd6 exd6 28. g4 Kd5 29. Ke3 Bc8 30. h5 gxh5 31. gxh5 Bf5 32. h6 b5 33. Bd2 Bh7
34. Bb4 a6 35. a3 Bb1 1/2-1/2

[Event "SR 3. liga A2 2012/2013"]
[Site "?"]
[Date "2013.02.24"]
[Round "9.4"]
[White "Gasa, Patrik"]
[Black "Sefcik, Marek"]
[Result "1-0"]
[WhiteElo "1906"]
[BlackElo "2021"]
[PlyCount "95"]
[EventDate "2012.??.??"]

1. d4 d5 2. c4 Nc6 3. Nc3 dxc4 4. e3 e5 5. d5 Nb8 6. Bxc4 a6 7. Nf3 Bd6 8. O-O
Bg4 9. h3 Bh5 10. g4 Bg6 11. e4 b5 12. Bd3 Nd7 13. Be3 Ngf6 14. Qc2 h6 15. a4
b4 16. Ne2 Qe7 17. Ng3 O-O 18. Rac1 a5 19. Nd2 Nb6 20. Qc6 Nfxd5 21. Bxb6 Nxb6
22. Nc4 Nxc4 23. Bxc4 Kh8 24. b3 Qg5 25. Rcd1 h5 26. Kg2 h4 27. Nf5 Bxf5 28.
exf5 Qf4 29. Rfe1 e4 30. Re3 Qh2+ 31. Kf1 Bf4 32. Rxe4 Qxh3+ 33. Ke1 Qc3+ 34.
Kf1 Qh3+ 35. Ke1 Qxg4 36. Rdd4 Qg1+ 37. Ke2 Bg5 38. Rxh4+ Bxh4 39. Rxh4+ Kg8
40. Bxf7+ Rxf7 41. Qxa8+ Rf8 42. Qd5+ Rf7 43. Re4 g6 44. Re8+ Kg7 45. Qe5+ Kh6
46. Qe3+ Kh5 47. Rh8+ Kg4 48. f3+ 1-0

[Event "SR 3. liga A2 2012/2013"]
[Site "?"]
[Date "2013.02.24"]
[Round "9.4"]
[White "Kovarik, Oto"]
[Black "Lanik, Miroslav"]
[Result "0-1"]
[WhiteElo "1979"]
[BlackElo "1945"]
[PlyCount "58"]
[EventDate "2012.??.??"]

1. e4 c5 2. Nf3 d6 3. d4 cxd4 4. Nxd4 Nf6 5. Nc3 a6 6. Be2 e6 7. Be3 Be7 8. O-O
O-O 9. a4 Qc7 10. Qd2 Nbd7 11. f4 b6 12. Bf3 Bb7 13. Rae1 Rac8 14. g4 Nc5 15.
Qg2 Rfe8 16. g5 Nfd7 17. h4 e5 18. Nf5 Bf8 19. Re2 exf4 20. Bxf4 Ne5 21. Bxe5
Rxe5 22. Ne3 Ne6 23. Bg4 Re8 24. Ref2 Nd8 25. Rd2 Bxe4 26. Nxe4 Rxe4 27. Nd5
Qc5+ 28. Kh1 Rxa4 29. Bd7 Rxh4+ 0-1

[Event "SR 3. liga A2 2012/2013"]
[Site "?"]
[Date "2013.02.24"]
[Round "9.4"]
[White "Palka, Martin"]
[Black "Chabada, Tomas"]
[Result "1/2-1/2"]
[WhiteElo "1884"]
[BlackElo "1941"]
[PlyCount "72"]
[EventDate "2012.??.??"]

1. e4 e5 2. Nf3 Nc6 3. Bb5 a6 4. Ba4 Nf6 5. O-O Be7 6. Re1 b5 7. Bb3 d6 8. c3
O-O 9. h3 Na5 10. Bc2 c5 11. d4 Nd7 12. a4 Bb7 13. axb5 axb5 14. Nbd2 exd4 15.
cxd4 Nc6 16. Rxa8 Qxa8 17. Nf1 Re8 18. Ng3 Nb4 19. d5 Nxc2 20. Qxc2 Bf6 21. Nf5
Qa6 22. Bf4 Ne5 23. Bxe5 Bxe5 24. Nxe5 Rxe5 25. Re3 Bc8 26. Ra3 Qb6 27. Ra8 Qb7
28. Rxc8+ Qxc8 29. Nxd6 Qb8 30. Qxc5 Re7 31. Nxb5 Rb7 32. Nd4 Rxb2 33. g3 Qb4
34. Qc8+ Qf8 35. Qc3 Qb4 36. Qc8+ Qf8 1/2-1/2

[Event "SR 3. liga A2 2012/2013"]
[Site "?"]
[Date "2013.02.24"]
[Round "9.4"]
[White "Bilovsky, Milan"]
[Black "Palka, Miroslav"]
[Result "1-0"]
[WhiteElo "1911"]
[BlackElo "1924"]
[PlyCount "59"]
[EventDate "2012.??.??"]

1. e4 c5 2. c3 g6 3. d4 cxd4 4. cxd4 Bg7 5. Nc3 d6 6. Be3 Nf6 7. Be2 O-O 8. a3
Nc6 9. b4 Bd7 10. Rc1 Rc8 11. h3 b6 12. Nf3 a5 13. b5 Na7 14. a4 e6 15. O-O d5
16. e5 Ne8 17. Qd2 f6 18. Rc2 Qe7 19. Rfc1 Nc7 20. Nh2 fxe5 21. dxe5 Bxe5 22.
Ng4 Bd6 23. Bg5 Qe8 24. Nf6+ Rxf6 25. Bxf6 Bc5 26. Bf3 Qf8 27. Bd4 Bxd4 28.
Qxd4 Na8 29. Nxd5 exd5 30. Bxd5+ 1-0

[Event "SR 3. liga A2 2012/2013"]
[Site "?"]
[Date "2013.02.24"]
[Round "9.4"]
[White "Skapikova, Lubica"]
[Black "Husek, Lubomir"]
[Result "1/2-1/2"]
[WhiteElo "1907"]
[BlackElo "1809"]
[PlyCount "98"]
[EventDate "2012.??.??"]

1. e4 d6 2. d4 Nf6 3. f3 g6 4. Be3 Bg7 5. Nc3 c6 6. Qd2 O-O 7. O-O-O Qa5 8. Kb1
Be6 9. Nd5 Qxd2 10. Nxf6+ Bxf6 11. Rxd2 a6 12. Ne2 b5 13. g4 b4 14. g5 Bg7 15.
h4 a5 16. Nf4 Bc8 17. h5 a4 18. hxg6 hxg6 19. Bc4 e6 20. d5 exd5 21. exd5 c5
22. Nd3 Bf5 23. Bf4 Rd8 24. Re2 Na6 25. Nf2 b3 26. axb3 axb3 27. Bxb3 Rab8 28.
Kc1 c4 29. Bxc4 Bxb2+ 30. Kd1 Bc3 31. Bxa6 Rb1+ 32. Bc1 Ra8 33. Nd3 Kf8 34. Bc4
Raa1 35. Re4 Bxe4 36. fxe4 Ra4 37. Bb3 Rxe4 38. Ba2 Ra1 39. Bb3 Rg4 40. Nf2 Rg2
41. Rf1 Bb2 42. Nd3 Bc3 43. Nf2 Bb2 44. Nd3 Bd4 45. Nf4 Rf2 46. Rxf2 Bxf2 47.
Ke2 Bd4 48. Bd2 Rh1 49. Bb4 Rh2+ 1/2-1/2

[Event "SR 3. liga A2 2012/2013"]
[Site "?"]
[Date "2013.02.24"]
[Round "9.4"]
[White "Hrubos, Milan"]
[Black "Zisek, Jaroslav"]
[Result "1/2-1/2"]
[WhiteElo "1786"]
[BlackElo "1857"]
[PlyCount "132"]
[EventDate "2012.??.??"]

1. e4 c5 2. Nf3 d6 3. d4 cxd4 4. Nxd4 Nf6 5. Nc3 a6 6. Be2 e5 7. Nb3 Be6 8. Bg5
Be7 9. Bxf6 Bxf6 10. Nd5 Bxd5 11. Qxd5 Nc6 12. c3 O-O 13. Rd1 Be7 14. O-O Qc7
15. Nd2 Rad8 16. Nc4 g6 17. Ne3 Kg7 18. Qd3 Rfe8 19. Nd5 Qb8 20. a4 Bf8 21. Qg3
Ne7 22. Bc4 Qc8 23. Nxe7 Qxc4 24. Nd5 Qxe4 25. b3 Qf5 26. f4 Qc8 27. f5 e4 28.
fxg6 fxg6 29. Qg5 Re6 30. b4 Rde8 31. Qf4 Qd7 32. Nf6 Qe7 33. Nxe8+ Qxe8 34. a5
Be7 35. Rfe1 Bf6 36. Qe3 Qc6 37. Rc1 d5 38. Red1 Qd6 39. Kh1 h6 40. Qc5 Qf4 41.
Qxd5 Be5 42. Qd7+ Qf7 43. Qxf7+ Kxf7 44. Rd7+ Kf6 45. g3 e3 46. Rd3 Bc7 47. Re1
b6 48. Rdxe3 Rxe3 49. Rxe3 bxa5 50. bxa5 Bxa5 51. c4 Bb6 52. Rb3 Bc5 53. Kg2
Ke5 54. Rd3 Ke4 55. Rd5 Bb4 56. Kf2 a5 57. Rd8 a4 58. Ke2 a3 59. Ra8 Kd4 60.
Kd1 Kxc4 61. Kc2 Bd6 62. Kb1 Kb3 63. Ra6 Bc5 64. h4 Bd4 65. g4 h5 66. gxh5 gxh5
1/2-1/2

[Event "SR 3. liga A2 2012/2013"]
[Site "?"]
[Date "2013.02.24"]
[Round "9.4"]
[White "Havlicek, Peter"]
[Black "Pivacek, Jozef"]
[Result "1-0"]
[WhiteElo "1843"]
[BlackElo "1000"]
[PlyCount "69"]
[EventDate "2012.??.??"]

1. e4 e5 2. Nf3 Nc6 3. Bc4 Nf6 4. d3 Be7 5. O-O O-O 6. c3 d6 7. h3 Na5 8. Bb3
Nxb3 9. Qxb3 h6 10. Be3 b6 11. Nbd2 Bb7 12. Qc2 c5 13. Rad1 Rc8 14. a3 a5 15.
Qb1 Qc7 16. d4 c4 17. d5 a4 18. Nh2 g5 19. Rde1 b5 20. Qd1 Qd7 21. h4 Nh7 22.
Qh5 f5 23. exf5 Rxf5 24. Ng4 Bf8 25. Nxh6+ Bxh6 26. Qxh6 gxh4 27. Qxh4 Bxd5 28.
f4 Qg7 29. Re2 Nf6 30. fxe5 Rxf1+ 31. Nxf1 dxe5 32. Bh6 Qg6 33. Bg5 Ne4 34. Bc1
Rc7 35. Qd8+ 1-0

[Event "SR 3. liga A2 2012/2013"]
[Site "?"]
[Date "2013.02.24"]
[Round "9.5"]
[White "Pribila, Gerhard"]
[Black "Kapusta, Petr"]
[Result "1/2-1/2"]
[WhiteElo "2080"]
[BlackElo "2152"]
[PlyCount "162"]
[EventDate "2012.??.??"]

1. e4 c5 2. c3 d5 3. exd5 Qxd5 4. d4 g6 5. Nf3 Bg7 6. Be3 cxd4 7. cxd4 Nf6 8.
Nc3 Qd8 9. Bb5+ Bd7 10. Bc4 O-O 11. O-O Nc6 12. h3 Rc8 13. Qe2 a6 14. Rac1 Na5
15. Bd3 b5 16. Ne5 Bc6 17. b4 Nb7 18. Nxc6 Rxc6 19. Qf3 Qd7 20. Ne4 Rxc1 21.
Rxc1 Nxe4 22. Qxe4 Nd6 23. Qc6 Qxc6 24. Rxc6 Ra8 25. Rb6 h5 26. a3 Kf8 27. Be2
Bf6 28. g4 hxg4 29. hxg4 Nc8 30. Rb7 Nd6 31. Rb6 g5 32. Bf3 Ra7 33. Be2 Kg7 34.
Bd3 Ra8 35. Be2 Ra7 36. Bd3 Nc8 37. Rc6 Nd6 38. Rb6 Ne8 39. Be4 Nd6 40. Bd3 Ne8
41. Be4 a5 42. Bc6 axb4 43. axb4 Ra1+ 44. Kg2 Nc7 45. Rb7 Ne6 46. Rxb5 Bxd4 47.
Rxg5+ Kf6 48. Rf5+ Kg6 49. Be4 Kg7 50. Bxd4+ Nxd4 51. Rd5 Ne2 52. Rd2 Nf4+ 53.
Kg3 e5 54. b5 Ra3+ 55. f3 Rb3 56. Bc6 Ne6 57. Re2 Kf6 58. Rh2 Nd4 59. Rh6+ Kg7
60. Rd6 Nxb5 61. Rd7 Nc3 62. Kh4 Rb6 63. Rc7 Ne2 64. g5 Rb4+ 65. Be4 Nf4 66.
Kg4 Ne6 67. Rb7 Rc4 68. g6 Rc7 69. Rxc7 Nxc7 70. gxf7 Kxf7 71. Kf5 Ne8 72. Kxe5
Nf6 73. Bc6 Ke7 74. Kf5 Kf7 75. Bb5 Ke7 76. Bc4 Nd7 77. f4 Nf6 78. Kg6 Nd7 79.
Bb5 Nf8+ 80. Kf5 Ne6 81. Ke5 Nxf4 1/2-1/2

[Event "SR 3. liga A2 2012/2013"]
[Site "?"]
[Date "2013.02.24"]
[Round "9.5"]
[White "Strakac, Petr"]
[Black "Kocak, Branislav"]
[Result "1-0"]
[WhiteElo "2066"]
[BlackElo "1891"]
[PlyCount "120"]
[EventDate "2012.??.??"]

1. e4 c5 2. Nc3 Nc6 3. g3 g6 4. Bg2 Bg7 5. d3 d6 6. f4 e6 7. Nh3 Nge7 8. O-O
O-O 9. Kh1 Nd4 10. Ne2 f5 11. Neg1 Rb8 12. c3 Ndc6 13. Be3 Qb6 14. Qd2 d5 15.
exf5 exf5 16. Bf2 d4 17. c4 Bd7 18. Rfe1 h6 19. Nf3 Rbe8 20. Nhg1 Nc8 21. h4
Rxe1 22. Bxe1 Re8 23. h5 N8e7 24. Nh4 Kh7 25. hxg6+ Nxg6 26. Nxg6 Kxg6 27. Bf3
Nd8 28. Qh2 Kh7 29. b3 Bc6 30. Bxc6 Qxc6+ 31. Qg2 Bf6 32. Qxc6 Nxc6 33. Bd2 a6
34. Kg2 Kg6 35. Kf2 h5 36. Nf3 Re7 37. a3 a5 38. Rb1 b6 39. b4 axb4 40. axb4
cxb4 41. Bxb4 Re3 42. Bd2 Re8 43. Rxb6 Re6 44. Bc1 Kf7 45. Ba3 Na5 46. Rb5 Ra6
47. Bc5 Nc6 48. Rb6 Rxb6 49. Bxb6 Ke6 50. Ke2 Kd6 51. Kd2 Ke6 52. Bc5 Kd7 53.
Kc2 Kc7 54. Kb3 Kb7 55. Ka4 Ka6 56. Bd6 Nd8 57. Kb4 Kb6 58. Bc5+ Kc6 59. Bxd4
Be7+ 60. Kc3 Ne6 1-0

[Event "SR 3. liga A2 2012/2013"]
[Site "?"]
[Date "2013.02.24"]
[Round "9.5"]
[White "Brunovsky, Peter"]
[Black "Hudacek, Josef"]
[Result "0-1"]
[WhiteElo "1816"]
[BlackElo "2067"]
[PlyCount "46"]
[EventDate "2012.??.??"]

1. e4 c5 2. Nf3 d6 3. Bb5+ Bd7 4. Bxd7+ Nxd7 5. O-O Ngf6 6. Re1 e6 7. b3 Be7 8.
Bb2 O-O 9. c4 e5 10. Nc3 a6 11. d3 h6 12. Kh1 Nh7 13. Nd5 f5 14. exf5 Rxf5 15.
Nxe7+ Qxe7 16. d4 Ng5 17. dxe5 Nxf3 18. gxf3 Nxe5 19. Qd5+ Kh8 20. Rg1 Raf8 21.
Rg2 Rxf3 22. Rag1 Rxf2 23. Bxe5 dxe5 0-1

[Event "SR 3. liga A2 2012/2013"]
[Site "?"]
[Date "2013.02.24"]
[Round "9.5"]
[White "Pekar, Tibor"]
[Black "Valla, Tomas"]
[Result "0-1"]
[WhiteElo "1972"]
[BlackElo "1813"]
[PlyCount "66"]
[EventDate "2012.??.??"]

1. c4 Nf6 2. Nc3 e6 3. e4 d6 4. f4 Nbd7 5. Nf3 e5 6. d4 Qe7 7. fxe5 dxe5 8. Nb5
Qd8 9. dxe5 Bb4+ 10. Bd2 Bxd2+ 11. Qxd2 Nxe4 12. Qf4 Nec5 13. O-O-O Ne6 14. Qe4
a6 15. Nbd4 Nxd4 16. Rxd4 Qe7 17. h4 Nc5 18. Qe1 Bf5 19. g4 Bd7 20. Rh2 O-O-O
21. Bh3 Bc6 22. g5+ Kb8 23. Qd1 Rxd4 24. Nxd4 Be4 25. Rd2 Qxe5 26. b4 Qg3 27.
bxc5 Qxh3 28. Kb2 Qxh4 29. c6 Qxg5 30. cxb7 Qf6 31. Kc1 Re8 32. Qa4 Re6 33.
Nxe6 Qa1# 0-1

[Event "SR 3. liga A2 2012/2013"]
[Site "?"]
[Date "2013.02.24"]
[Round "9.5"]
[White "Kastler, Peter"]
[Black "Vepy, Ivan"]
[Result "1-0"]
[WhiteElo "1714"]
[BlackElo "1921"]
[PlyCount "87"]
[EventDate "2012.??.??"]

1. d4 Nf6 2. c4 e6 3. Nf3 Be7 4. Nc3 d5 5. Bg5 O-O 6. e3 b6 7. Bd3 Ba6 8. b3
Nc6 9. O-O Nb4 10. Be2 h6 11. Bh4 c5 12. Ne5 Rc8 13. Nb5 cxd4 14. Nxd4 Ne4 15.
Bxe7 Qxe7 16. a3 Nc3 17. Qd2 Nba2 18. Rxa2 Nxa2 19. Qxa2 Qd6 20. Nef3 Rfd8 21.
Nb5 Qe7 22. Qb2 Bxb5 23. cxb5 Rc7 24. Nd4 Qf6 25. Qd2 Rdc8 26. Nc6 a6 27. a4
axb5 28. axb5 Ra8 29. Qd4 Qxd4 30. exd4 Ra2 31. Bf3 Kf8 32. g3 Rc8 33. Rc1 Rb2
34. Bd1 Ra8 35. Ne5 Rd2 36. Nf3 Rb2 37. Ne5 f6 38. Nd7+ Ke7 39. Nxb6 Raa2 40.
Nc8+ Kd8 41. b6 Rxf2 42. b7 Rg2+ 43. Kf1 Rxh2 44. Bf3 1-0